Hadestown #2 - Any Way the Wind Blows - Lyrics - Statistics

General Stats
  • This quiz has been taken 50 times
    46 since last reset
  • The average score is 298 of 362
Answer Stats
Character What they sing % Correct
a
100%
Hermes A
100%
was
100%
you
100%
Eurydice | Hermes You
100%
(You)
100%
girl
97%
no
97%
No
97%
or
97%
Any
95%
blows
95%
Hermes Eurydice
95%
hungry
95%
I
95%
the
95%
Eurydice The
95%
way
95%
When
95%
wind
95%
Wind
95%
young
95%
ever
92%
it
92%
to
92%
Eurydice | The Fates And
89%
and
89%
cold
89%
do
89%
Eurydice Do
89%
fall
89%
go
89%
is
89%
It's
89%
on
89%
your
89%
ain't
86%
Ain′t
86%
before
86%
freezing
86%
he
86%
hear
86%
in
86%
In
86%
She
86%
So
86%
there
86%
turn
86%
weather
86%
Where
86%
where
86%
you're
86%
you′re
86%
all
84%
anymore
84%
blazing
84%
either
84%
hot
84%
just
84%
Just
84%
of
84%
spring
84%
stranger
84%
that
84%
at
81%
been
81%
can
81%
enough
81%
from
81%
like
81%
thing
81%
down
78%
friend
78%
takes
78%
up
78%
another
76%
are
76%
around
76%
could
76%
everywhere
76%
Fates
76%
Find
76%
food
76%
my
76%
Orpheus
76%
Eurydice People
76%
road
76%
round
76%
runaway
76%
sound?
76%
world
76%
would
76%
anything
73%
bed
73%
belly
73%
body
73%
But
73%
but
73%
comes
73%
dark
73%
fill
73%
full
73%
got
73%
him
73%
hit
73%
into
73%
lay
73%
(Move)
73%
Eurydice Move
73%
nobody
73%
The Fates Ooh
73%
aches
70%
alone
70%
end,
70%
Everybody
70%
fair
70%
follow
70%
how
70%
know
70%
length
70%
met
70%
one
70%
sing,
70%
sometimes
70%
Sometimes
70%
son
70%
they
70%
think
70%
town
70%
Hermes Wherever
70%
wouldn′t
70%
Eurydice Gimme
68%
his
68%
hurry
68%
match?
68%
muse
68%
off
68%
she′d
68%
abandon
65%
Eurydice Anybody
65%
better
65%
clouds
65%
day
65%
for
65%
had
65%
line
65%
muses
65%
poor
65%
stayed,
65%
stick
65%
this
65%
those
65%
took
65%
were
65%
which
65%
wing
65%
won't
65%
Hermes Always
62%
boy,
62%
′Cept
62%
gonna
62%
might
62%
mine
62%
Hermes Now,
62%
out
62%
roll
62%
say
62%
seeing
62%
singing
62%
sleeve
62%
things
62%
underneath
62%
until
62%
with
62%
because
59%
behind
59%
bird
59%
close
59%
I'm
59%
rhyme
59%
rhythm,
59%
sang
59%
went
59%
words,
59%
back
57%
mind
57%
naive
57%
Remember
57%
them?
57%
ways
57%
wore
57%
kind,
54%
mama
51%
I′d
46%
hat
19%
No matching quizzes found
Score Distribution
Percent of People with Each Score
Percentile by Number Answered
Your Score History
You have not taken this quiz since the last reset